<?xml version="1.0" encoding="UTF-8"?>
<marc:record xmlns:marc="http://www.loc.gov/MARC21/slim">
   <marc:leader>00000nam a2200000 a 4500</marc:leader>
   <marc:datafield ind1="1" ind2=" " tag="100">
      <marc:subfield code="a">Brand, Markus</marc:subfield>
      <marc:subfield code="4">aut</marc:subfield>
      <marc:subfield code="e">Verfasser/-in</marc:subfield>
   </marc:datafield>
   <marc:datafield ind1="1" ind2=" " tag="100">
      <marc:subfield code="a">Brand, Inka</marc:subfield>
      <marc:subfield code="4">aut</marc:subfield>
      <marc:subfield code="e">Verfasser/-in</marc:subfield>
   </marc:datafield>
   <marc:datafield ind1=" " ind2=" " tag="653">
      <marc:subfield code="a">Spielen, Lernen</marc:subfield>
   </marc:datafield>
   <marc:datafield ind1=" " ind2=" " tag="653">
      <marc:subfield code="a">spiele ab 5 jahre</marc:subfield>
   </marc:datafield>
   <marc:datafield ind1=" " ind2=" " tag="653">
      <marc:subfield code="a">escape room spiel kinder</marc:subfield>
   </marc:datafield>
   <marc:datafield ind1="0" ind2="0" tag="245">
      <marc:subfield code="a">Rätselspaß im Meer</marc:subfield>
   </marc:datafield>
   <marc:datafield ind1="0" ind2="0" tag="245">
      <marc:subfield code="c">Brand, Markus</marc:subfield>
   </marc:datafield>
   <marc:datafield ind1=" " ind2="1" tag="264">
      <marc:subfield code="a">Stuttgart</marc:subfield>
      <marc:subfield code="b">Kosmos</marc:subfield>
      <marc:subfield code="c">2026</marc:subfield>
   </marc:datafield>
   <marc:datafield ind1="1" ind2=" " tag="490">
      <marc:subfield code="a">EXIT® Das Spiel Kids</marc:subfield>
   </marc:datafield>
   <marc:datafield ind1="1" ind2=" " tag="520">
      <marc:subfield code="a">Taucht ein in das Abenteuer am Meeresgrund! Muschel Shelly hat ihre funkelnden Perlen verloren, doch Sam die Schildkröte macht sich mit ihr auf die Suche. Am anderen Ende des Riffs warten neugierige Meeresbewohner, die die Perlen nur gegen knifflige Rätsel herausgeben. Gemeinsam können ein bis vier Spielerinnen und Spieler ab fünf Jahren diese spannenden Aufgaben lösen und Sam helfen, die Perlen zurückzuergattern! Sechs immer wieder neu kombinierbare Rätsel-Arten erwarten die ein bis vier Kinder. Das Spielmaterial bleibt erhalten, so ist EXIT® - Das Spiel für Kinder immer wieder wiederspielbar. / 1 Lösungs-Scheibe, 36 großformatige Rätsel-Karten, 6 Perlen, 1 Perlen-Bahn, 2 Ablagen, 12 seltsame Teile aus Pappe (3 Kraken-Aufsteller, 8 Wasserblasen-Kärtchen, 1 Fischschwarm-Mappe), 1 Spielanleitung</marc:subfield>
   </marc:datafield>
   <marc:datafield ind1="3" ind2=" " tag="024">
      <marc:subfield code="a">4002051685546</marc:subfield>
   </marc:datafield>
   <marc:datafield ind1=" " ind2=" " tag="041">
      <marc:subfield code="a">ger</marc:subfield>
   </marc:datafield>
   <marc:datafield ind1=" " ind2=" " tag="338">
      <marc:subfield code="a">Gegenstand</marc:subfield>
   </marc:datafield>
</marc:record>
